Sports Quiz

Random Sports or MLB Quiz

MLB: Unanimous Cy Young Winners Quiz Stats

 Plays Quiz Updated May 6, 2018

Challenge
Share
Tweet
Embed
Score 0/23 Timer 05:00
0 Plays Today
Year Winner % Correct
2014*Clayton Kershaw
92.1%
1986* Roger Clemens
83%
1998 Roger Clemens
82.9%
1963* Sandy Koufax
80.3%
1965 Sandy Koufax
80.3%
1966Sandy Koufax
80.3%
2002 Randy Johnson
77.7%
1999Pedro Martinez
77.2%
2000Pedro Martinez
77.2%
2011* Justin Verlander
73%
1994Greg Maddux
72.8%
1995 Greg Maddux
72.8%
Year Winner % Correct
1968* Bob Gibson
67.5%
2010 Roy Halladay
51.9%
1985 Dwight Gooden
50%
1972 Steve Carlton
47.8%
1988 Orel Hershiser
44.4%
2004 Johan Santana
44.3%
2006 Johan Santana
44.3%
1968* Denny McLain
39.4%
1978 Ron Guidry
37%
2007 Jake Peavy
26.9%
1984 Rick Sutcliffe
23.4%

You're not logged in!

Compare scores with friends on all Sporcle quizzes.
Join for Free
OR
Log In

You Might Also Like...

Show Comments

Extras

Top Quizzes Today


Score Distribution

Your Account Isn't Verified!

In order to create a playlist on Sporcle, you need to verify the email address you used during registration. Go to your Sporcle Settings to finish the process.

Report this User

Report this user for behavior that violates our Community Guidelines.

Details: